000 00567nam a2200169 a 4500
008 120416s1971 ||||||||||||||||| || u
020 _a0134594533
050 _aHD 47.3 Wil
100 _aWilson, Frank C
245 1 0 _aIndustrial cost controls
260 _aEnglewood Cliffs, N.J.
_bFT Prentice-Hall
_c1971
300 _a208p. : ill.
350 _a0.00
650 0 _aMANAGEMENT
650 _aCOST CONTROL
995 _D0.00
_FCBU-MAIN LIBRARY (Kitwe)
_H1
_I8.00
_M1
_UAVAILABLE
_ZMain Library Open Access Collection
999 _c46699
_d46699